<?xml version="1.0" encoding="UTF-8"?>
<collection xmlns="http://www.loc.gov/MARC21/slim">
 <record>
  <leader>05179nam a2200397 a 4500</leader>
  <controlfield tag="001">kal4458</controlfield>
  <controlfield tag="003">Gr-AtHEAL</controlfield>
  <controlfield tag="005">20160422131454.0</controlfield>
  <controlfield tag="006">m        d        </controlfield>
  <controlfield tag="008">160413s2015    gr      s           gre|c</controlfield>
  <datafield tag="020" ind1=" " ind2=" ">
   <subfield code="a">9789606034510</subfield>
  </datafield>
  <datafield tag="040" ind1=" " ind2=" ">
   <subfield code="a">GR-AtHEAL</subfield>
   <subfield code="b">gre</subfield>
   <subfield code="c">GR-AtHEAL</subfield>
  </datafield>
  <datafield tag="082" ind1="0" ind2="4">
   <subfield code="a">616.4</subfield>
   <subfield code="2">23</subfield>
  </datafield>
  <datafield tag="100" ind1="1" ind2=" ">
   <subfield code="a">Τσατσούλης, Αγαθοκλής.</subfield>
   <subfield code="8">871</subfield>
  </datafield>
  <datafield tag="245" ind1="1" ind2="0">
   <subfield code="a">Σύγχρονο εγχειρίδιο ενδοκρινολογίας</subfield>
   <subfield code="h">[Ηλεκτρονικός πόρος] </subfield>
   <subfield code="b">ΑΠΟ ΤΗ ΘΕΩΡΙΑ ΣΤΗΝ ΠΡΑΞΗ</subfield>
   <subfield code="c">Τσατσούλης, Αγαθοκλής ; Φούντας, Αθανάσιος ; Λάσπα, Ελένη ; Κριτικός αναγνώστης,Χαράτση-Γιωτάκη, Ελένη ; Τεχνική επιμέλεια,Βαΐτσης Άρνε, Χρήστος.</subfield>
  </datafield>
  <datafield tag="260" ind1=" " ind2=" ">
   <subfield code="a">Αθήνα :</subfield>
   <subfield code="b">Σύνδεσμος Ελληνικών Ακαδημαϊκών Βιβλιοθηκών,</subfield>
   <subfield code="c">c2015.</subfield>
  </datafield>
  <datafield tag="490" ind1=" " ind2=" ">
   <subfield code="a">Ακαδημαϊκά Ηλεκτρονικά Συγγράμματα και Βοηθήματα Κάλλιπος</subfield>
   <subfield code="8">40</subfield>
  </datafield>
  <datafield tag="520" ind1=" " ind2=" ">
   <subfield code="a">Το παρόν πόνημα “Σύγχρονο εγχειρίδιο Ενδοκρινολογίας” πραγματεύεται το ενδοκρινικό σύστημα του ανθρώπου. Η ανάπτυξη των θεμάτων γίνεται κατά επαγωγικό τρόπο από τη λειτουργική ανατομία και φυσιολογία, στους παθογενετικούς μηχανισμούς και την παθοφυσιολογία των διαταραχών των ενδοκρινών αδένων καθώς και στην κλινική έκφραση και αντιμετώπιση των διαταραχών αυτών σε κλινικό επίπεδο. Το βιβλίο αυτό απευθύνεται τόσο στους φοιτητές της ιατρικής και των παραϊατρικών σχολών, όσο και στους ειδικευομένους ιατρούς της Ενδοκρινολογίας αλλά και τους ιατρούς άλλων ειδικοτήτων οι οποίοι επιθυμούν να φρεσκάρουν τη γνώση τους στο αντικείμενο της Ενδοκρινολογίας και του Μεταβολισμού.Το πρώτο κεφάλαιο περιγράφει τη λειτουργική οργάνωση του ενδοκρινικού συστήματος καθώς και τις γενικές αρχές της ορμονικής σύνθεσης, έκκρισης και βιολογικές δράσεις στα όργανα στόχους. Στα κεφάλαια 2 με 7 περιγράφεται η δομή και λειτουργία των ενδοκρινών αδένων ή ενδοκρινικών συστημάτων καθώς και οι διαταραχές της λειτουργίας των αδένων από την παθογένεια στην κλινική τους έκφραση. Στο κεφάλαιο 8 περιγράφονται οι επείγουσες καταστάσεις στην Ενδοκρινολογία καθώς και η αντιμετώπιση τους. Πιστεύεται ότι η κατανόηση των μηχανισμών της φυσιολογικής λειτουργίας των ενδοκρινών αδένων καθώς και των υποκείμενων παθογενετικών μηχανισμών των λειτουργικών διαταραχών θα επιτρέψει την καλύτερη κατανόηση της κλινικής έκφρασης των ενδοκρινικών νοσημάτων και την ορθολογική θεραπευτική τους αντιμετώπιση.</subfield>
  </datafield>
  <datafield tag="650" ind1=" " ind2="0">
   <subfield code="a">Endocrinology</subfield>
   <subfield code="8">2328</subfield>
  </datafield>
  <datafield tag="650" ind1=" " ind2="0">
   <subfield code="a">Endocrine glands</subfield>
   <subfield code="x">Physiology</subfield>
   <subfield code="8">2329</subfield>
  </datafield>
  <datafield tag="653" ind1=" " ind2=" ">
   <subfield code="a">Διαταραχές ενδοκρινικής λειτουργίας</subfield>
  </datafield>
  <datafield tag="653" ind1=" " ind2=" ">
   <subfield code="a">Αδενώματα ενδοκρινών αδένων</subfield>
  </datafield>
  <datafield tag="653" ind1=" " ind2=" ">
   <subfield code="a">Ενδοκρινή αυτοάνοσα</subfield>
  </datafield>
  <datafield tag="653" ind1=" " ind2=" ">
   <subfield code="a">Σακχαρώδης διαβήτης</subfield>
  </datafield>
  <datafield tag="653" ind1=" " ind2=" ">
   <subfield code="a">Ορμονική έκκριση και δράση</subfield>
  </datafield>
  <datafield tag="653" ind1=" " ind2=" ">
   <subfield code="a">Ενδοκρινής αδένες</subfield>
  </datafield>
  <datafield tag="653" ind1=" " ind2=" ">
   <subfield code="a">Επιστήμες υγείας</subfield>
   <subfield code="a">Ιατρική</subfield>
   <subfield code="a">Εσωτερική ιατρική</subfield>
  </datafield>
  <datafield tag="653" ind1=" " ind2=" ">
   <subfield code="a">Επιστήμες υγείας</subfield>
   <subfield code="a">Ιατρική</subfield>
   <subfield code="a">Εσωτερική ιατρική</subfield>
   <subfield code="a">Ενδοκρινολογία</subfield>
  </datafield>
  <datafield tag="700" ind1="1" ind2=" ">
   <subfield code="a">Φούντας, Αθανάσιος</subfield>
   <subfield code="e">Συγγραφέας</subfield>
   <subfield code="8">872</subfield>
  </datafield>
  <datafield tag="700" ind1="1" ind2=" ">
   <subfield code="a">Λάσπα, Ελένη</subfield>
   <subfield code="e">Συγγραφέας</subfield>
   <subfield code="8">873</subfield>
  </datafield>
  <datafield tag="700" ind1="1" ind2=" ">
   <subfield code="a">Χαράτση-Γιωτάκη, Ελένη</subfield>
   <subfield code="e">Κριτικός αναγνώστης</subfield>
   <subfield code="8">874</subfield>
  </datafield>
  <datafield tag="856" ind1="4" ind2="0">
   <subfield code="u">http://hdl.handle.net/11419/4458</subfield>
   <subfield code="z">Πλήρες Κείμενο - Full text</subfield>
  </datafield>
  <datafield tag="907" ind1=" " ind2=" ">
   <subfield code="a">.b25680407</subfield>
   <subfield code="b">12-06-18</subfield>
   <subfield code="c">29-07-16</subfield>
  </datafield>
  <datafield tag="949" ind1=" " ind2=" ">
   <subfield code="0">0</subfield>
   <subfield code="1">0</subfield>
   <subfield code="2">ddc</subfield>
   <subfield code="4">0</subfield>
   <subfield code="6">616_400000000000000_ΤΣΑ</subfield>
   <subfield code="7">0</subfield>
   <subfield code="8">KALL</subfield>
   <subfield code="8">799</subfield>
   <subfield code="d">2016-04-13</subfield>
   <subfield code="r">2016-04-13</subfield>
   <subfield code="w">2016-04-13</subfield>
   <subfield code="z">616.4 ΤΣΑ</subfield>
   <subfield code="o">SEAB KALLIPOS</subfield>
  </datafield>
  <datafield tag="998" ind1=" " ind2=" ">
   <subfield code="a">80</subfield>
   <subfield code="a">01</subfield>
   <subfield code="a">02</subfield>
   <subfield code="a">03</subfield>
   <subfield code="a">04</subfield>
   <subfield code="a">05</subfield>
   <subfield code="a">06</subfield>
   <subfield code="a">07</subfield>
   <subfield code="a">08</subfield>
   <subfield code="a">09</subfield>
   <subfield code="a">10</subfield>
   <subfield code="a">11</subfield>
   <subfield code="a">12</subfield>
   <subfield code="a">13</subfield>
   <subfield code="a">14</subfield>
   <subfield code="a">15</subfield>
   <subfield code="a">16</subfield>
   <subfield code="a">17</subfield>
   <subfield code="a">18</subfield>
   <subfield code="a">19</subfield>
   <subfield code="a">20</subfield>
   <subfield code="a">21</subfield>
   <subfield code="a">22</subfield>
   <subfield code="a">23</subfield>
   <subfield code="a">24</subfield>
   <subfield code="a">25</subfield>
   <subfield code="a">26</subfield>
   <subfield code="b">16-05-17</subfield>
   <subfield code="c">m</subfield>
   <subfield code="d">z  </subfield>
   <subfield code="e">-</subfield>
   <subfield code="f">gre</subfield>
   <subfield code="g">gr </subfield>
   <subfield code="h">0</subfield>
  </datafield>
  <datafield tag="942" ind1=" " ind2=" ">
   <subfield code="2">ddc</subfield>
   <subfield code="c">KALLIPOS</subfield>
  </datafield>
 </record>
</collection>
